| Поле | Инд. | ПП | Название | Значение |
|---|---|---|---|---|
| Тип записи | a | |||
| Библиографический уровень | a | |||
| 001 | Контрольный номер | RU/IS/BASE/264552124 | ||
| 005 | Дата корректировки | 20240221094027.4 | ||
| 008 | Кодируемые данные | 19981014 | ||
| 040 | 00 | e | Правила каталог. | Т 981014 |
| 084 | a | Индекс другой классификации/Индекс ББК | 63.3(2)413; 63.229(2) | |
| 090 | 00 | a | Полочн. индекс | 63.3(0)3я43 |
| x | Авторский знак | В 387 | ||
| 100 | 10 | a | Автор | Киселев С. В. |
| 245 | 00 | a | Заглавие | Неизданные надписи енисейских кыргызов |
| 650 | 04 | a | Основная рубрика | исторические науки |
| a | Основная рубрика | история | ||
| a | Основная рубрика | источниковедение | ||
| a | Основная рубрика | эпиграфика | ||
| 653 | 00 | a | Ключевые слова | археологические материалы |
| a | Ключевые слова | дешифровка | ||
| a | Ключевые слова | исторические памятники | ||
| a | Ключевые слова | кочевые племена | ||
| a | Ключевые слова | культура | ||
| a | Ключевые слова | надписи | ||
| a | Ключевые слова | народы | ||
| a | Ключевые слова | письменность | ||
| a | Ключевые слова | погребальные обряды | ||
| a | Ключевые слова | средние века | ||
| a | Ключевые слова | Тува | ||
| a | Ключевые слова | Хакасия | ||
| a | Ключевые слова | эпитафии | ||
| 773 | 00 | d | Дата издания источника | Москва, 1939 |
| g | Прочая информация | Т.3(8), 4(9). - С. 124-134 | ||
| t | Заглавие источника | Вестник древней истории | ||
| w | Контрольный № источника | RU/IS/BASE/101818640 | ||
| 901 | t | Тип документа | a |